La leyenda de Don Juan (Record no. 136884)

MARC details
000 -LEADER
campo de control de longitud fija 00701nam a2200193 i 4500
001 - NÚMERO DE CONTROL
campo de control 136884
003 - IDENTIFICADOR DE NÚMERO DE CONTROL
campo de control ES-MaACL
005 - FECHA Y HORA DE LA ÚLTIMA TRANSACCIÓN
campo de control 20250818054521.0
007 - CAMPO FIJO DE DESCRIPCIÓN FÍSICA--INFORMACIÓN GENERAL
campo de control de longitud fija t|
008 - DATOS DE LONGITUD FIJA--INFORMACIÓN GENERAL
campo de control de longitud fija 070214s1908 sp |||| | spa d
100 1# - ENTRADA PRINCIPAL--NOMBRE DE PERSONA
Nombre de persona Said Armesto, Víctor,
Fechas asociadas al nombre 1871-1914
9 (RLIN) 101488
245 13 - MENCIÓN DEL TÍTULO
Título La leyenda de Don Juan
Resto del título : orígenes poéticos de El burlador de Sevilla y Convidado de piedra /
Mención de responsabilidad, etc. Víctor Said Armesto.
260 ## - PUBLICACIÓN, DISTRIBUCIÓN, ETC.
Lugar de publicación, distribución, etc. Madrid :
Nombre del editor, distribuidor, etc. [s.n.],
Fecha de publicación, distribución, etc. 1908 (
Fabricante Suc. de Hernando)
300 ## - DESCRIPCIÓN FÍSICA
Extensión 301 p. ;
Dimensiones 19 cm.
600 14 - PUNTO DE ACCESO ADICIONAL DE MATERIA--NOMBRE DE PERSONA
Nombre de persona Molina, Tirso de,
Fechas asociadas al nombre 1579-1648.
Título de la obra El burlador de Sevilla
9 (RLIN) 81909
650 #7 - PUNTO DE ACCESO ADICIONAL DE MATERIA--TÉRMINO DE MATERIA
Término de materia o nombre geográfico como elemento de entrada Don Juan (Personaje de ficción)
Fuente del encabezamiento o término embne
9 (RLIN) 11966
852 ## - LOCALIZACIÓN
Ubicación ES-MaACL
Número de control de estantería D-2496
Holdings
Estatus retirado Estado de pérdida Estado de daño No para préstamo Biblioteca de origen Biblioteca actual Ubicación en estantería Fecha de adquisición Fuente de adquisición Total de préstamos Signatura topográfica completa Código de barras Visto por última vez Precio de reemplazo Tipo de ítem Koha
        Biblioteca del Ateneo de Madrid Biblioteca del Ateneo de Madrid Sala Valle Inclán 17/01/2008     D-2496 901142453 23/02/2023 23/02/2023 Libro impreso